[Event "Kouty nad Desnou op-N"]
[Site "Kouty nad Desnou"]
[Date "2013.03.12"]
[Round "5"]
[White "Novy, Josef"]
[Black "Tobiskova, Petra"]
[Result "1/2-1/2"]
[WhiteElo "1472"]
[BlackElo "1556"]
[PlyCount "129"]
[EventDate "2013.03.09"]
[EventType "swiss"]
[EventRounds "9"]
[EventCountry "CZE"]
[SourceTitle "EXT 2015"]
[Source "ChessBase"]
[SourceDate "2014.11.20"]
[SourceVersion "1"]
[SourceVersionDate "2014.11.20"]
[SourceQuality "1"]

1. e4 e5 2. Nf3 Nf6 3. Nc3 Bb4 4. d3 Nc6 5. Bd2 0-0 6. Nd5 Bxd2+ 7. Qxd2 d6 8. Be2 Nxd5 9. exd5 Ne7 10. h4 Nxd5 11. Ng5 Nf4 12. 0-0-0 h6 13. g3 Nd5 14. Ne4 f5 15. Nc3 Be6 16. f4 Qf6 17. Kb1 Nxc3+ 18. Qxc3 c6 19. h5 exf4 20. d4 Rfe8 21. gxf4 Bxa2+ 22. Kxa2 Rxe2 23. Qc4+ Qf7 24. Qxf7+ Kxf7 25. c3 Rae8 26. d5 Rc8 27. Rhg1 Rh2 28. Rg6 Rxh5 29. Rxd6 Rc7 30. dxc6 bxc6 31. b4 Rh2+ 32. Kb3 Re2 33. Rg1 Kf8 34. Rd8+ Re8 35. Rdd1 Kf7 36. Rg3 Re4 37. Rdg1 Kg8 38. Rf1 Kh7 39. c4 Rce7 40. Rff3 Rd4 41. Re3 Rxe3+ 42. Rxe3 Rxf4 43. Re6 Rf3+ 44. Ka4 f4 45. Rxc6 Rf1 46. Rc7 f3 47. Rf7 f2 48. Kb5 h5 49. c5 a6+ 50. Kb6 Kg6 51. Rf3 Rb1 52. Rxf2 Rxb4+ 53. Kxa6 h4 54. c6 Ra4+ 55. Kb7 h3 56. c7 Rb4+ 57. Kc8 Rg4 58. Rh2 Rg3 59. Rh1 Rd3 60. Kb7 Rb3+ 61. Ka6 Rc3 62. Kb7 Rb3+ 63. Kc6 Rc3+ 64. Kd6 Rd3+ 65. Ke7 1/2-1/2

[Event "Kouty nad Desnou op-N"]
[Site "Kouty nad Desnou"]
[Date "2013.03.10"]
[Round "2"]
[White "Novy, Josef"]
[Black "Reznicek, Dominik"]
[Result "1-0"]
[WhiteElo "1472"]
[BlackElo "1666"]
[PlyCount "51"]
[EventDate "2013.03.09"]
[EventType "swiss"]
[EventRounds "9"]
[EventCountry "CZE"]
[SourceTitle "EXT 2015"]
[Source "ChessBase"]
[SourceDate "2014.11.20"]
[SourceVersion "1"]
[SourceVersionDate "2014.11.20"]
[SourceQuality "1"]

1. e4 c6 2. Nf3 d5 3. exd5 cxd5 4. d4 Nc6 5. Bb5 Nf6 6. Nc3 e6 7. Ne5 Bd7 8. Nxd7 Qxd7 9. 0-0 Bd6 10. Bg5 Qc7 11. g3 Nd7 12. Re1 0-0 13. Qg4 a6 14. Bd3 f5 15. Qh4 Rae8 16. Re3 Qb6 17. Rae1 h6 18. Bxh6 Nxd4 19. Bxg7 Kxg7 20. Qg5+ Kf7 21. Nxd5 exd5 22. Qh5+ Kf6 23. Rxe8 Rxe8 24. Rxe8 Ne5 25. Qh8+ Kg6 26. Rg8+ 1-0